Quizzes
Events
Quiz Creation
Community
Videos
Private Events
Remove Ads
Sign In
Join for FREE
Feedback
Dark Mode
Quiz Categories
Sports
Geography
Music
Movies
Television
Just For Fun
Miscellaneous
History
Literature
Language
Science
Gaming
Entertainment
Religion
Holiday
For Kids
Quiz Lab
Recent
Popular Today
Quiz Kudos Today
Editor Picks
Curator Picks
Quizzes by...
Day
Popularity
Type
Ratings
Length
Year
Community
Subscriptions
Recent Discussions
Orange Saloon
Badges
Playlists
Quests
Create
Leaderboards
Showdown
Live 5
Trivia Bingo
Activity
Puzzle Library
Sporcle Events
Private Events
Virtual Trivia
Globe League
Become a Host
Pub Owners
SporcleCon
Opinionation
Our Games
Videos
Blog
Mobile Apps
Partnerships
Remove Ads and Go Orange
Feedback
Sports
Athletes
MLB
NBA
NHL
NFL
Soccer
Sports Teams
WWE
NCAA
Football
Premier League
Basketball
Baseball
Hockey
Golf
Tennis
Cricket
Rugby
Auto Racing
Olympics
World Cup
Sports
Athletes
MLB
NBA
NHL
NFL
Soccer
Sports Teams
WWE
NCAA
Football
Premier League
Basketball
Baseball
Hockey
Golf
Tennis
Cricket
Rugby
Auto Racing
Olympics
World Cup
Random Quiz
Search Sporcle
×
Quiz Lab
Quiz Lab
Sports
Liverpool
Type in answers that appear in a list
Type in answers that appear in a list
Classic
Best Score? Go Orange.
Name the 40 clubs John Barnes scored against for LFC Stats
Can you name the 40 clubs John Barnes scored against for LFC?
By
samwilliams87
10m
40 Questions
1,165 Plays
1,165 Plays
1,165 Plays
Comments
Comments
Give Quiz Kudos
Give Quiz Kudos
-
- Ratings
hide this ad
Random Order
Randomize order of answers
Randomize order of answers
Replay
Link that replays current quiz
Next Quiz
Link to next quiz in quiz playlist
You Got
0%
They Got
Avg Score
51%
Avg Friend Score
Upgrade to see
Score Distribution
Jump to the score distribution portion of the page
Score
0/40
Timer
10:00
0
Plays Today
% Correct
Arsenal
95.8%
Manchester United
94.2%
Manchester City
91.5%
Everton
91.2%
Chelsea
90.8%
Tottenham
84.8%
Aston Villa
83.3%
West Ham
80.8%
Watford
76.6%
Southampton
73.8%
Crystal Palace
66.2%
Leeds United
64.2%
Nottingham Forest
62.9%
Sheffield Wednesday
60.2%
QPR
59.3%
Portsmouth
58.6%
Sheffield United
57.5%
Wimbledon
53.6%
Norwich City
52.9%
Blackburn Rovers
52.7%
% Correct
Derby County
49.7%
Burnley
48.8%
Ipswich Town
44.9%
Coventry City
44.8%
Middlesbrough
43.5%
Hull City
41.1%
Charlton Athletic
38.8%
Swansea City
34.9%
Millwall
33%
Luton Town
31.9%
Oldham Athletic
29.4%
Swindon Town
27%
Oxford United
26.4%
Brentford
26.2%
Wigan Athletic
25.5%
Crewe Alexandra
16.3%
Carlisle United
15.2%
Walsall
14.7%
Sion
12%
Mypa 47
5.3%
Quiz Playlist
Details
Report
Send in Message
Add To Playlist
Classic:
Type in answers that appear in a list
Random Order:
Randomize order of answers
Last Updated: Feb 16, 2017
Quiz Scoreboard
CHALLENGE
Sign Up to Join the Scoreboard
Show All
Scores
Hide
Comments
May contain spoilers
Recently Published
College Basketball Coaching Resumes
by pancakes188
Sports
9m
Billboard Blitz: Fleetwood Mac
by CooCooCachoo
Music
15s
Presidents Visiting Landmarks
by Hejman
History
7m
More to Explore
Quiz From the Vault
Featured Blog Post
Where Did the Easter Bunny Come From?
hide this ad
You Might Also Like...
Tags
Liverpool
Today's Top Quizzes in Sports
Browse Sports
hide this ad
Today's Top Quizzes in Liverpool
Browse Liverpool
Top Contributed Quizzes in Sports
1
2022 World Cup Stars
2
Les meilleurs buteurs des matchs entre le PSG et l’OM
3
FIFA Club World Cup Champions
4
Les entraîneurs de l'OM et du PSG au 21e siècle
5
Criteria MLB: Left Handed Sluggers
6
AFC Teams Reveal (Wrong Answers Minefield)
7
5-to-1: UK Sports Teams
8
5-to-1: FBS Animal Nicknames
9
2023 MLB Unique Player Accomplishments
10
Name the Premier League winners with different clubs
Explore More
Trending Topics
Marvel
Crossword
Harry Potter
Disney
Anime
Kpop
NBA
Pokémon
WWE
Puzzle
Soccer
The Office
NFL
Song
Country
hide this ad
More By:
samwilliams87
Quiz
Plays
Rating
Category
Featured
Created
Name the 20 clubs Coutinho has scored against for LFC
14,328
2.00
Sports
Oct 31, 2016
Name Liverpool's 10 other England captains
4,276
2.00
Sports
Nov 15, 2016
100 up: Daniel Sturridge
4,119
1.14
Sports
Oct 10, 2016
Liverpool's top 25 League Cup goalscorers
3,104
2.75
Sports
Oct 24, 2016
Name the 11 clubs Firmino has scored against for LFC
3,088
2.00
Sports
Nov 21, 2016
Go to Creator's Profile
Score Distribution
Quiz Creator Spotlight
samwilliams87
Follow
Send a Message
Quizzes Created
-
Created Quiz Play Count
-
More By This Creator
Popular Quizzes Today
1
Find the US States - No Outlines Minefield
2
Find the Countries of Europe - No Outlines Minefield
3
The Countries of the World
4
Find the US States
5
Risky Map Clicking: Biggest States A-Z
6
US States
7
Popular People in 1961
8
Movies - When Are They Set?
More Sports Quizzes
NFL Rushing Leaders: Start of Each Decade
Published
Trending Quizzes
Risky Map Clicking: Least Populous States A-Z
1-10 Letter G Words
1-10 Letter F Words
Risky Map Clicking: Next State Alphabetically
Risky Map Clicking: Biggest States A-Z
Recently Updated
Leaping Animals
pecheneg
Reality TV Shows (A-Z)
bhenderson79
Rickey Henderson's Hall of Fame Teammates
pecheneg
Champions League XIs: Arsenal
pecheneg
Quick Pick: Celebrities in WWE's Hall of Fame
aduchscher
A-Z Keypad Blitz II
pecheneg
Multiple Oscar Actors
pecheneg
Mystery Phrase Blitz: Oscar 'Best Actors'
pecheneg
F. Scott Fitzgerald Novels
LTH
Pick 3 Villains
ddd62291
Trending Topics
Kpop
Disney
Crossword
Harry Potter
NBA
Anime
Marvel
Puzzle
Soccer
Pokémon
The Office
WWE
Song
NFL
Country
Your Account Isn't Verified!
In order to create a playlist on Sporcle, you need to verify the email address you used during registration. Go to your
Sporcle Settings
to finish the process.
Report this User
Report this user for behavior that violates our
Community Guidelines
.
Details:
Send Report
Go to the Sporcle.com Mobile Site →
Comments